Los símbolos celtas y su significado ancestral / (Registro nro. 3259)
[ vista simple ]
| 000 -LEADER | |
|---|---|
| fixed length control field | 01236nam a2200205 a 4500 |
| 008 - CAMPO DE CONTROL (LIBRO) | |
| fixed length control field | 190917e2006 ag |||g |||| 001 0 spa d |
| 020 ## - INTERNATIONAL STANDARD BOOK NUMBER | |
| ISBN | 9789872214265 |
| 041 ## - CODIGO DE IDIOMA | |
| Código de idioma del texto/pista de sonido o título separado | spa |
| 092 ## - SIGNATURA TOPOGRAFICA DEWEY LOCAL | |
| número de clasificación | 808 |
| libristica | 54 |
| sección | MOR |
| 100 1# - ENTRADA PRINCIPAL--NOMBRE PERSONAL | |
| Nombre personal | Morales, Máximo Damián |
| 9 (RLIN) | 4308 |
| 245 #4 - TITULO PROPIAMENTE DICHO | |
| Título | Los símbolos celtas y su significado ancestral / |
| Mención de responsabilidad y remanente de la transcripción de la portada | Máximo Damián Morales |
| 250 ## - MENCION DE EDICION | |
| Mención de edición | 1a ed. |
| 260 ## - PIE DE IMPRENTA | |
| Lugar de publicación, distribución, etc | Buenos Aires: |
| Nombre de la editorial, distribuidor, etc | Tirnanog editorial; |
| Fecha de publicación | 2006. |
| 300 ## - DESCRIPCION FISICA | |
| Extension | 128 p. |
| Dimensiones | 19x13 cm. |
| 500 ## - NOTA GENERAL | |
| Nota general | Morales, M. D. (2006). Los símbolos celtas y su significado ancestral. (1a ed.). Buenos Aires : Tirnanog editorial. |
| 505 ## - NOTA DE CONTENIDO | |
| Nota de contenido formateada | El triskel, la triqueta, el lauburu, el espiral y los nudos son algunos de los símbolos de una cultura milenaria que ha cautivado a millones de personas en el mundo entero. Los celtas han dejado muy pocos documentos escritos, sin embargo sus símbolos perduraron en el tiempo, tanto en templos antiguos como en túmulos funerarios, vasijas y ornamentos. Este libro revela por primera vez el significado ancestral de cada uno de los símbolos para sumergirnos en una cultura fascinante y de profunda filosofía. |
| 590 ## - NOTAS LOCALES (RLIN) | |
| Nota local | Proyecto 4to libro, Donación Maria Vitarelli, Diciembre 2017 |
| 655 ## - MATERIA - GENERO/FORMA | |
| Género/Forma | Literatura |
| -- | 2917 |
| 942 ## - ADDED ENTRY ELEMENTS (KOHA) | |
| Source of classification or shelving scheme | Dewey Decimal Classification |
| Item type | LITERATURA |
| Estado de retiro | Existencia | Fuente de clasificación | Estado general | No para prestamo | Ubicación permanente | ubicación actual | Sala de ubicación | Fecha de adquisición | Fuente de adquisición | Total Checkouts | Número de clasificación | Código de barras | Date last seen | Número de ejemplar | Price effective from | Koha tipo de elemento (item) | Public note | Coded location qualifier |
|---|---|---|---|---|---|---|---|---|---|---|---|---|---|---|---|---|---|---|
| Dewey Decimal Classification | Biblioteca Medicina | Biblioteca Medicina | Circulación | 23/04/2025 | Donación Abril 2025. Chiara Montenegro | 808 54 MOR | 5016 | 24/04/2025 | Ej.1 | 24/04/2025 | LITERATURA | Donación Abril 2025. Chiara Montenegro. Sede Tordos. |